Ausländerstatistik Fürstentum Liechtenstein 30. April 1991
Gespeichert in:
| Format: | Buch |
|---|---|
| Sprache: | Deutsch |
| Veröffentlicht: |
Vaduz
Amt für Volkswirtschaft
1991
|
| Tags: |
Keine Tags, Fügen Sie das erste Tag hinzu!
|
MARC
| LEADER | 00000nam a2200000 4500 | ||
|---|---|---|---|
| 001 | c041537 | ||
| 005 | 20251217122505.6 | ||
| 041 | 0 | |a ger | |
| 044 | |a LI | ||
| 245 | 1 | 0 | |a Ausländerstatistik Fürstentum Liechtenstein |b 30. April 1991 |
| 264 | 1 | |a Vaduz |b Amt für Volkswirtschaft |c 1991 | |
| 300 | |a 78 s. | ||